Traktor-Logos (einfach) - Statistiken

Allgemein
  • Dieses Quiz wurde 1.521 mal gespielt
  • Das Durchschnittsergebnis liegt bei 10 aus 16
Antwortstatistiken
Bildquiz Antwort % Korrekt
Claas
93%
Mercedes-Benz
92%
Fendt
84%
John Deere
83%
New Holland
80%
Renault
80%
Deutz-Fahr
77%
JCB
70%
Valtra
66%
Case
64%
Steyr
62%
Massey Ferguson
58%
Kubota
56%
Eicher
36%
Schlüter
27%
Versatile
6%
Keine übereinstimmenden Quizze gefunden
Verteilung der Resultate
Anzahl Personen mit jedem Resultat
Perzentil nach korrekt beantworteten Fragen
Ihre Resultats-Entwicklung
Sie haben dieses Quiz noch nicht gespielt